Fiscal stabilizers in the Slovak Republic

Gespeichert in:
Bibliographische Detailangaben
1. Verfasser: Ochotnický, Pavol
Weitere Verfasser: Čambalová, Andrea, Káčer, Marek, 1976-
Format: Buchkapitel
Sprache:Englisch
Schlagworte:
Tags: Tag hinzufügen
Keine Tags, Fügen Sie das erste Tag hinzu!

MARC

LEADER 00000naa$a2200000$$$4500
001 0118180
005 20240502072325.5
041 0 |a eng 
044 |a SK 
245 1 0 |a Fiscal stabilizers in the Slovak Republic  |c Pavol Ochotnický, Andrea Čambalová, Marek Káčer 
500 |a Abstrakt 
610 2 0 |a politika fiškálna 
610 2 0 |a stabilizácia hospodárstva 
610 2 0 |a financie verejné 
610 2 0 |a produkt domáci hrubý 
610 2 0 |a poistenie v nezamestnanosti 
100 1 |a Ochotnický, Pavol 
700 1 |a Čambalová, Andrea 
700 1 |a Káčer, Marek, 1976-